| 000 | 00460nam a22001817a 4500 | ||
|---|---|---|---|
| 005 | 20180814120508.0 | ||
| 008 | 160503b xxu||||| |||| 00| 0 eng d | ||
| 020 | _a0-07-463227-2 | ||
| 041 | _aeng | ||
| 082 |
_b1214 _a658.4 |
||
| 100 |
_aKoonts, Harold and Weihrich, Heinz. _94808 |
||
| 245 | _aEssentials of Management | ||
| 250 | _a5th ed. | ||
| 260 |
_aNew Delhi _bTata Mc Graw Hill, _c2003 |
||
| 300 | _a529p, | ||
| 650 |
_aManagement _9241 |
||
| 942 | _cBK | ||
| 999 |
_c492 _d492 |
||